=LDR 00000nam 2200000 4500 =001 INLIS000000000012109 =005 20130612103642 =008 ***********************************Ind** =035 ##$$0010-061300000012109 =041 ##$$a Ind =082 ##$$a 572.9 =090 ##$$a 572.9, Mel k =100 ##$$a Mulyadi, Edi =245 ##$$a Kerangka eleman dan citra wilayah, Edi mulayadi =260 ##$$a 1993 $b Bandung =300 ##$$a iv, 142 hlm., Ilus, 21 cm =650 ##$$a Alam =850 ##$$a NBPNMAT